| 000 | 01168cam a2200313 a 4500 | ||
|---|---|---|---|
| 001 | 16470039 | ||
| 003 | NUST-PNEC | ||
| 005 | 20170114142539.0 | ||
| 008 | 100921s2010 maua b 001 0 eng | ||
| 010 | _a 2010483801 | ||
| 020 | _a9780136156734 | ||
| 020 | _a0136156738 | ||
| 040 |
_aDLC _cDLC _dDLC |
||
| 050 | 0 | 0 |
_aTJ213 _b.O28 2010 |
| 082 | _a629.8 OGA | ||
| 100 | 1 | _aOgata, Katsuhiko. | |
| 245 | 1 | 0 |
_aModern control engineering _cKatsuhiko Ogata. |
| 250 | _a5th ed. | ||
| 260 |
_aBoston : _bPrentice-Hall, _cc2010. |
||
| 300 |
_ax, 894 p. : _bill. ; _c25 cm. |
||
| 490 | 0 | _aPrentice-Hall electrical engineering series. Instrumentation and controls series | |
| 500 | _aIncludes index. http://www.amazon.com/Modern-Control-Engineering-Katsuhiko-Ogata/dp/0136156738/ref=sr_1_1?s=books&ie=UTF8&qid=1399876432&sr=1-1&keywords=modern+control+engineering+ogata+5th | ||
| 504 | _aIncludes bibliographical references (p. 883-885) and index. | ||
| 650 | 0 |
_aAutomatic control. _xMIS, ME |
|
| 650 | 0 | _aControl theory. | |
| 906 |
_a7 _bcbc _corigcop _d2 _encip _f20 _gy-gencatlg |
||
| 942 |
_2ddc _cBK |
||
| 999 |
_c60121 _d60121 |
||